000 00256nam a22001217a 4500
008 170822b xxu||||| |||| 00| 0 eng d
041 _aeng
080 _a51
100 _a38
101 _aMAT
245 _aEXPLORING GEOMETRY
_cBENNETT,D
942 _2udc
_cBK
999 _c24529
_d24529